[Event "Bucharest Grand Prix op"]
[Site "Bucharest"]
[Date "2024.03.23"]
[Round "1"]
[White "Lupulescu, Constantin"]
[Black "Savu, Vicentiu Dorian"]
[Result "1-0"]
[WhiteElo "2579"]
[BlackElo "1760"]
[PlyCount "77"]
[EventDate "2024.03.23"]
[EventType "swiss (rapid)"]
[EventRounds "10"]
[EventCountry "ROU"]
[SourceTitle "CB13_2024"]
[SourceDate "2024.03.27"]
[SourceVersion "1"]
[SourceVersionDate "2024.03.27"]
[SourceQuality "1"]

1. c4 c5 2. Nf3 Nc6 3. d4 cxd4 4. Nxd4 Nf6 5. Nc3 d6 6. e4 g6 7. Be2 Bg7 8. Be3 0-0 9. 0-0 Nxd4 10. Bxd4 b6 11. Qc2 Bb7 12. f3 Rc8 13. Rfd1 Nd7 14. Be3 Ne5 15. b3 Nc6 16. Qd2 f5 17. exf5 gxf5 18. f4 Rf6 19. Bf3 Na5 20. Bxb7 Nxb7 21. Qd5+ Rf7 22. Qxb7 Bxc3 23. Rac1 Rc7 24. Qd5 Bb4 25. Rd3 Qd7 26. Bd4 Rc5 27. Rg3+ Kf8 28. Bxc5 Bxc5+ 29. Kh1 Qc8 30. Rf1 e6 31. Qd3 Ke7 32. Qc3 a5 33. Rg7 Bb4 34. Qb2 Qf8 35. Rxf7+ Qxf7 36. a3 Bc5 37. b4 axb4 38. axb4 Be3 39. Qc3 1-0

[Event "ROM-ch U08"]
[Site "Calimanesti"]
[Date "2018.04.02"]
[Round "8"]
[White "Savu, Vicentiu Dorian"]
[Black "Constantin Ciuntu, Darius Mihai"]
[Result "1-0"]
[WhiteElo "1022"]
[BlackElo "1001"]
[PlyCount "45"]
[EventDate "2018.03.27"]
[EventType "swiss"]
[EventRounds "9"]
[EventCountry "ROU"]
[SourceTitle "CBM 183 Extra"]
[Source "ChessBase"]
[SourceDate "2018.04.19"]
[SourceVersion "1"]
[SourceVersionDate "2018.04.19"]
[SourceQuality "1"]

1. e4 d5 2. exd5 Qxd5 3. Nc3 Qa5 4. d4 Nf6 5. Bd2 c6 6. Nf3 Bg4 7. Be2 e6 8. 0-0 Bd6 9. Nb5 Qd8 10. Ba5 Qxa5 11. Nxd6+ Ke7 12. Nxb7 Qb6 13. Nc5 Re8 14. Ne5 Bf5 15. Bf3 Rc8 16. Bh5 g6 17. Bg4 Bxg4 18. Nxg4 Qxb2 19. Rb1 Qxa2 20. Rb7+ Nbd7 21. Qf3 Nxg4 22. Rxd7+ Kf8 23. Qxf7# 1-0